| 000 | 00379nam a22001577a 4500 | ||
|---|---|---|---|
| 005 | 20230530091624.0 | ||
| 008 | 230527b |||||||| |||| 00| 0 eng d | ||
| 020 | _a9780470457726 | ||
| 082 |
_a771.33 _bKIN-N |
||
| 100 | _aKing Julie Adair | ||
| 245 | _aNikon D90 | ||
| 260 |
_aCanada _bWiley _c2009 |
||
| 300 | _a326 | ||
| 650 | _aPhotography/Graphics Designing | ||
| 999 |
_c18545 _d18545 |
||